Verejný sektor
Z obsahu: Mimovládne organizácie pôsobiace v sociálnej sfére dostanú v tomto roku od štátu 150 mil. Sk. Občania Slovenska prijímajú činnosť tretieho sektora pozitívne. Krédo združenia Návrat: starostlivosť o opustené deti v náhradných rodinách.
Salvato in:
| Autore principale: | |
|---|---|
| Natura: | Capitolo di libro |
| Lingua: | slovacco |
| Soggetti: | |
| Tags: |
Nessun Tag, puoi essere il primo ad aggiungerne!!
|
MARC
| LEADER | 00000naa a2200000 4500 | ||
|---|---|---|---|
| 001 | r025906 | ||
| 005 | 20230921080456.0 | ||
| 041 | 0 | |a slo | |
| 044 | |a SK | ||
| 245 | 1 | 0 | |a Verejný sektor |c E. Reiselová |
| 520 | |a Z obsahu: Mimovládne organizácie pôsobiace v sociálnej sfére dostanú v tomto roku od štátu 150 mil. Sk. Občania Slovenska prijímajú činnosť tretieho sektora pozitívne. Krédo združenia Návrat: starostlivosť o opustené deti v náhradných rodinách. | ||
| 610 | 2 | 0 | |a sektor verejný |
| 610 | 2 | 0 | |a organizácie nevládne |
| 610 | 2 | 0 | |a organizácie neziskové |
| 610 | 2 | 0 | |a nadácie |
| 610 | 2 | 0 | |a financovanie |
| 610 | 2 | 0 | |a dotácie |
| 610 | 2 | 0 | |a rozpočet štátny |
| 610 | 2 | 0 | |a starostlivosť sociálna |
| 100 | 1 | |a Reiselová, E. | |